000 00495nam a2200181 a 4500
001 21422
005 20180713215145.0
008 140415s1935 sp 000 0 spa d
041 _aspa
082 _a335.4382
_bBER
100 1 _aBERDIAEFF, NICOLAS
245 1 3 _aEL CRISTIANISMO Y EL PROBLEMA DEL COMUNISMO
250 _a1a ed.
260 _aESPAÑA :
_bESPASA CALPE,
_c1935
300 _a246
650 1 4 _aCOMUNISMO E IGLESIA CATOLICA
700 1 _aCARDONA, MARIA DE
_etr.
999 _c21422
_d21422